सिर्फ तुमः (Record no. 52020)

MARC details
000 -LEADER
fixed length control field 01350nam a22002657a 4500
005 - DATE AND TIME OF LATEST TRANSACTION
control field 20110426154449.0
008 - FIXED-LENGTH DATA ELEMENTS--GENERAL INFORMATION
fixed length control field 090408t xxu||||| |||| 00| 0 hin d
010 ## - LCCN (DPL NO)
LC control number HIN-92508
020 ## - INTERNATIONAL STANDARD BOOK NUMBER
Terms of availability 150.00
International Standard Book Number 9788190403222
035 ## - SYSTEM CONTROL NUMBER
System control number HN-64854
037 ## - SOURCE OF ACQUISITION
Source of stock number/acquisition DBAD / PUB
040 ## - CATALOGING SOURCE
Original cataloging agency DPL
Language of cataloging HN
082 ## - DEWEY DECIMAL CLASSIFICATION NUMBER
Classification number
100 ## - MAIN ENTRY--PERSONAL NAME
9 (RLIN) 27482
Personal name शर्मा, पंकज
245 ## - TITLE STATEMENT
Title सिर्फ तुमः
Statement of responsibility, etc पंकज शर्मा
Remainder of title लघुकथा संग्रह /
260 ## - PUBLICATION, DISTRIBUTION, ETC. (IMPRINT)
Place of publication, distribution, etc दिल्ली
Name of publisher, distributor, etc आकांक्षा प्रकाशन
Date of publication, distribution, etc 2010
270 ## - ADDRESS
Address एफ-15 ए, विजय ब्लॉक, विकास मार्ग, लक्ष्मी नगर
City नई दिल्ली
State or province दिल्ली
Postal code 110092
300 ## - PHYSICAL DESCRIPTION
Extent 95पृ
Dimensions 22 सेमी (सजिल्द)
Other physical details सचित्र
650 ## - SUBJECT ADDED ENTRY--TOPICAL TERM
9 (RLIN) 1169
Topical term or geographic name as entry element लघु कथाएँ, हिन्दी
650 ## - SUBJECT ADDED ENTRY--TOPICAL TERM
9 (RLIN) 1170
Topical term or geographic name as entry element short Stories
700 ## - ADDED ENTRY--PERSONAL NAME
9 (RLIN) 27483
942 ## - ADDED ENTRY ELEMENTS (KOHA)
Institution code [OBSOLETE] dpl
Item type Hindi Books
Source of classification or shelving scheme Dewey Decimal Classification
Classification part
Call number suffix शर्मापं
Holdings
Withdrawn status Lost status Source of classification or shelving scheme Damaged status Not for loan Collection code Home library Current library Date acquired Source of acquisition Cost, normal purchase price Total Checkouts Full call number Barcode Date last seen Copy number Cost, replacement price Koha item type
    Dewey Decimal Classification   Not For Loan Fiction D.B.Act.Division D.B.Act.Division 29/04/2011 DBAD /PUB 150.00   क शर्मापं HN-64854 29/04/2011 1 150.00 Hindi Books

© Delhi Public Library
Hit Counter
free hit counter